000 00353nam a2200133Ia 4500
008 191201s2001 xx 000 0 und d
082 _a629.3
_bDRI
100 _aDRINKOV, D. HELLENDROOM, H
245 3 _aAn Introduction to Fuzzy Control
260 _aN.Delhi
_bNarosa Publication House
_c2001
300 _a316
650 _aB.Tech(CSE)
942 _2ddc
_cBK
999 _c1208
_d1208